[Event "Aragon-ch Primera"]
[Site "Spain"]
[Date "2009.??.??"]
[Round "4"]
[White "Rios, Antonio"]
[Black "Gonzalo Borao, Jorge"]
[Result "1/2-1/2"]
[WhiteElo "1713"]
[BlackElo "1753"]
[PlyCount "103"]
[EventDate "2009.??.??"]
[EventType "swiss"]
[EventRounds "9"]
[EventCountry "ESP"]
[SourceTitle "EXT 2013"]
[Source "ChessBase"]
[SourceDate "2012.11.22"]
[SourceVersion "1"]
[SourceVersionDate "2012.11.22"]
[SourceQuality "1"]

1. d4 d5 2. c4 c6 3. Nc3 Nf6 4. Nf3 g6 5. Bg5 Bg7 6. e3 Bf5 7. Qb3 b6 8. Bxf6 Bxf6 9. cxd5 cxd5 10. Qxd5 Nd7 11. Bb5 0-0 12. Bxd7 Bxd7 13. Ne5 Be6 14. Qxd8 Rfxd8 15. 0-0 Rac8 16. a3 Bb3 17. Nf3 a6 18. Rac1 Bg7 19. Nd2 Be6 20. Na4 Rxc1 21. Rxc1 Bxd4 22. exd4 Rxd4 23. Nxb6 Rxd2 24. Na4 Bc4 25. b4 Ra2 26. h3 Bb5 27. Nc3 Rxa3 28. Nxb5 axb5 29. Rc5 Ra1+ 30. Kh2 Rb1 31. Rxb5 f6 32. g4 Kf7 33. Kg3 h6 34. h4 Rb3+ 35. Kg2 Rd3 36. Rc5 Rd4 37. f3 Rxb4 38. Kg3 g5 39. h5 Rb1 40. Kf2 Rb3 41. Kg3 Rb4 42. Kg2 Rf4 43. Kg3 f5 44. Rxf5+ Rxf5 45. gxf5 e5 46. fxe6+ Kxe6 47. Kg4 Ke5 48. Kg3 Kf5 49. Kh3 Kf4 50. Kg2 Kf5 51. Kg3 Ke5 52. Kg4 1/2-1/2

[Event "IECG CA.2005.0.00147"]
[Site "IECG email"]
[Date "2005.03.16"]
[Round "?"]
[White "Whitmarsh, Jerry"]
[Black "Rios, Antonio"]
[Result "0-1"]
[WhiteElo "2025"]
[BlackElo "2107"]
[PlyCount "66"]
[EventDate "2005.03.16"]
[EventType "tourn (corr)"]
[EventRounds "6"]
[SourceTitle "Corr 2008"]
[Source "ChessBase"]
[SourceDate "2008.06.24"]
[SourceVersion "1"]
[SourceVersionDate "2008.06.24"]
[SourceQuality "1"]

1. b4 c6 2. Bb2 a5 3. b5 cxb5 4. e4 b4 5. a3 Nc6 6. Bc4 Nf6 7. e5 Ne4 8. Bxf7+ Kxf7 9. Qf3+ Nf6 10. Nh3 d5 11. exf6 exf6 12. Nf4 Bf5 13. d3 bxa3 14. Nxa3 Bb4+ 15. Kd1 Ne7 16. c3 Qd7 17. Kd2 Bg4 18. Qg3 Bd6 19. h3 Bxh3 20. Rxh3 g5 21. Kc2 Bxf4 22. Qf3 g4 23. Qxf4 Ng6 24. Rxh7+ Rxh7 25. Qd4 Ne5 26. Re1 Re8 27. c4 Rh2 28. Qf4 dxc4 29. Qxh2 Qxd3+ 30. Kc1 c3 31. Qh5+ Kg7 32. Nc2 cxb2+ 33. Kxb2 Nc4+ 0-1

[Event "LIPEAP-Cup3 fin corr"]
[Site "LIPEAP corr"]
[Date "2003.07.01"]
[Round "?"]
[White "Rios, Antonio"]
[Black "Maia, Marco Aurelio Ferre"]
[Result "1/2-1/2"]
[WhiteElo "2267"]
[BlackElo "2172"]
[PlyCount "75"]
[EventDate "2003.07.01"]
[EventType "tourn (corr)"]
[EventRounds "10"]
[EventCountry "PER"]
[SourceTitle "Telechess CBM 120"]
[Source "ChessBase"]
[SourceDate "2007.10.02"]
[SourceVersion "1"]
[SourceVersionDate "2007.10.02"]
[SourceQuality "1"]

1. e4 e5 2. Nf3 Nc6 3. d4 exd4 4. Nxd4 Bc5 5. Nxc6 Qf6 6. Qd2 dxc6 7. Nc3 Ne7 8. Qf4 Be6 9. Qxf6 gxf6 10. Na4 Bb4+ 11. c3 Bd6 12. Be3 b6 13. f4 Bd7 14. Bd3 Rg8 15. g3 c5 16. Bc2 0-0-0 17. 0-0-0 h5 18. c4 Be6 19. b3 Bg4 20. Rd2 Rge8 21. Nc3 Nf5 22. exf5 Rxe3 23. Nd5 Bf3 24. Nxe3 Bxh1 25. Ng2 Rh8 26. Nh4 a5 27. Bd1 Bc6 28. Kb2 Kb7 29. a3 Ka6 30. a4 Kb7 31. Kc3 Kc8 32. Kd3 Bb7 33. Be2 c6 34. Bf3 Kd7 35. Kc3 Kc7 36. Rd1 Bc8 37. Rd3 Bd7 38. Bd1 1/2-1/2

[Event "LIPEAP-Cup3 fin corr"]
[Site "LIPEAP corr"]
[Date "2003.07.01"]
[Round "?"]
[White "Rios, Antonio"]
[Black "Voetter, Hans Dieter"]
[Result "0-1"]
[WhiteElo "2267"]
[BlackElo "2355"]
[PlyCount "124"]
[EventDate "2003.07.01"]
[EventType "tourn (corr)"]
[EventRounds "10"]
[EventCountry "PER"]
[SourceTitle "Telechess CBM 120"]
[Source "ChessBase"]
[SourceDate "2007.10.02"]
[SourceVersion "1"]
[SourceVersionDate "2007.10.02"]
[SourceQuality "1"]

1. e4 e5 2. Nf3 Nc6 3. d4 exd4 4. Nxd4 Bc5 5. Nxc6 Qf6 6. Qd2 dxc6 7. Nc3 Bd4 8. f4 Be6 9. e5 Qh4+ 10. g3 Qd8 11. Ne4 Nh6 12. a4 a6 13. Ra3 Nf5 14. Bh3 Ba7 15. Rd3 Qe7 16. Ng5 Bc8 17. g4 Nh6 18. f5 f6 19. Ne4 0-0 20. e6 Bxe6 21. fxe6 Qxe6 22. Qe2 Rae8 23. Nc3 Qc8 24. Be3 Bxe3 25. Rxe3 Rxe3 26. Qxe3 Re8 27. Ne4 Qe6 28. Nxf6+ gxf6 29. Qxe6+ Rxe6+ 30. Kd2 Re4 31. b3 Nxg4 32. Rg1 h5 33. Bg2 Rd4+ 34. Kc3 Rf4 35. h3 Kf8 36. Kd3 Ne5+ 37. Ke3 Rb4 38. Rb1 c5 39. c3 Rb6 40. Kd2 Rd6+ 41. Kc2 b5 42. axb5 axb5 43. Be4 c4 44. Ra1 cxb3+ 45. Kxb3 Rd2 46. Ra8+ Ke7 47. Rh8 Re2 48. Bb1 c5 49. Rxh5 Nc4 50. Rh7+ Kd6 51. Bc2 Ne3 52. Bg6 c4+ 53. Kb4 Rb2+ 54. Ka5 Nd5 55. Rh8 Nxc3 56. h4 Nd5 57. Rd8+ Ke6 58. Re8+ Ne7 59. h5 Kd6 60. Kb6 c3 61. Rf8 Nd5+ 62. Ka5 c2 0-1

[Event "LIPEAP-Cup3 fin corr"]
[Site "LIPEAP corr"]
[Date "2003.07.01"]
[Round "?"]
[White "Soza de la Carrera, Jose"]
[Black "Rios, Antonio"]
[Result "1/2-1/2"]
[WhiteElo "2505"]
[BlackElo "2267"]
[PlyCount "46"]
[EventDate "2003.07.01"]
[EventType "tourn (corr)"]
[EventRounds "10"]
[EventCountry "PER"]
[SourceTitle "Telechess CBM 120"]
[Source "ChessBase"]
[SourceDate "2007.10.02"]
[SourceVersion "1"]
[SourceVersionDate "2007.10.02"]
[SourceQuality "1"]

1. d4 Nf6 2. c4 g6 3. Nc3 d5 4. Nf3 Bg7 5. Qb3 dxc4 6. Qxc4 0-0 7. e4 Nc6 8. Be2 Nd7 9. d5 Nce5 10. Nxe5 Nxe5 11. Qb3 e6 12. 0-0 exd5 13. exd5 Re8 14. Bf4 a6 15. Rac1 b6 16. Ne4 Bf5 17. Ng3 Bd7 18. Rfe1 c5 19. dxc6 Nxc6 20. Qd5 Nb4 21. Qb3 Nc6 22. Qd5 Nb4 23. Qb3 Nc6 1/2-1/2

[Event "IECG C1.2000.0.00272"]
[Site "IECG email"]
[Date "2000.04.04"]
[Round "?"]
[White "Rios, Antonio"]
[Black "Vujadinovic, Milan"]
[Result "1-0"]
[WhiteElo "2110"]
[BlackElo "2130"]
[PlyCount "73"]
[EventDate "2000.04.04"]
[EventType "tourn (corr)"]
[EventRounds "6"]
[SourceTitle "Corr 2008"]
[Source "ChessBase"]
[SourceDate "2008.06.24"]
[SourceVersion "1"]
[SourceVersionDate "2008.06.24"]
[SourceQuality "1"]

1. e4 e6 2. d4 d5 3. Nc3 Bb4 4. e5 c5 5. a3 Ba5 6. Qg4 Ne7 7. Qxg7 Rg8 8. Qxh7 cxd4 9. b4 dxc3 10. bxa5 Nbc6 11. f4 Qxa5 12. Nf3 Bd7 13. Ng5 Rf8 14. Rb1 0-0-0 15. Nxf7 Rxf7 16. Qxf7 Be8 17. Qxe6+ Bd7 18. Qf7 Bf5 19. Be2 Bxc2 20. Rb5 Qc7 21. Rc5 d4 22. Qa2 Bf5 23. 0-0 b6 24. Ba6+ Kb8 25. Qb3 Ka8 26. Rc4 Be6 27. Qa4 Bd5 28. Rd1 Bxc4 29. Bxc4 Qd7 30. Bd3 Qe6 31. Be4 Kb8 32. Rd3 Nxe5 33. Rxd4 Rxd4 34. Qxd4 Nf7 35. f5 Nxf5 36. Bf4+ N5d6 37. h3 1-0